| 000 | 01838nam0a2200325 4500 | ||
|---|---|---|---|
| 001 | RU\NLR\bibl\1329250 | ||
| 005 | 20250615163218.0 | ||
| 010 |
_a978-5-93271-425-6 _9120 |
||
| 021 |
_aRU _b2008-101644 _95980 |
||
| 035 | _a(NLR Aleph) 001314507 | ||
| 090 |
_a700500 _c700500 |
||
| 100 | _a20090213d2008 |||y0rusy50 ca | ||
| 101 | 0 | _arus | |
| 102 | _aRU | ||
| 105 | _aa ||||||||| | ||
| 200 | 1 |
_aВакуумные печи для плавки черных и цветных металлов _eучебное пособие _eдля студентов высших учебных заведений по специальности "Литейное производство черных и цветных металлов" _fБ.А. Фоченков, В.С. Моисеев, Д.В. Бережной _gФедер. агентство по образованию, Гос. образоват. учреждение высш. проф. образования "МАТИ" - Рос. гос. технол. ун-т им. К.Э. Циолковского |
|
| 210 |
_aМосква _cМАТИ _d2008 |
||
| 215 |
_a78, [1] с. _cил. _d21 |
||
| 320 | _aБиблиогр.: с. 77-78 (19 назв.) | ||
| 606 | 1 |
_aЭлектрические печи для плавки металлов вакуумные _jУчебные издания для высших учебных заведений _91951912 _3RU\NLR\auth\661180518 |
|
| 686 | _aК314.103.002-51я73-1 | ||
| 700 | 1 |
_aФоченков _bБ. А. _gБорис Андреевич _4070 |
|
| 701 | 1 |
_aМоисеев _bВ. С. _gВиктор Сергеевич _4070 |
|
| 701 | 1 |
_aБережной _bД. В. _gДмитрий Васильевич _4070 |
|
| 801 | 0 |
_aRU _bNLR _c20090213 _gRCR |
|
| 801 | 1 |
_aRU _bNLR _c20090213 |
|
| 830 | _aавт. по кн. | ||
| 942 | _cBOOK | ||
| 980 | _aNB | ||